000
00329 a2200157 4500
001
164227
020
_a
040
_c
Magnum
100
_a
Carvalho, Geraldo Camargo de
240
1
0
_a
Quimica moderna 1
_l
por
245
1
0
_a
Quimica moderna 1
362
0
_a
1899
440
1
_a
Scipione
697
_a
PARADIDATICO
942
_c
BK
999
_c
164227
_d
164227